000 00325nam a22001337a 4500
008 171003b xxu||||| |||| 00| 0 eng d
020 _a9780495102083
041 _aeng
080 _28TH
_a159.9
100 _a48
101 _aPSI
245 _aTHEORY AND PRACTICE OF COUNSELING AND PSYCHOTHERAPY
_cCOREY,G
942 _2udc
_cBK
999 _c31364
_d31364